| 000 | 00636nam a22002052 4500 | ||
|---|---|---|---|
| 001 | 0000013565 | ||
| 005 | 20151217145902.0 | ||
| 008 | 090924s xx 000 0 eng d | ||
| 020 | _a8170083443 : | ||
| 040 |
_aKABU _cKABU |
||
| 100 | 1 |
_aFarrell, Mary E. _@0000171012 |
|
| 245 | 1 | 0 |
_aLearning computer programming : _bit's not about languages / _cMary E. Farrell. |
| 250 | _a1st ed. | ||
| 260 |
_aNew Delhi : _bFirewall Media, _c2004. |
||
| 300 |
_axxiii, 374 p. + _e1 CD-ROM. |
||
| 650 | 0 |
_aComputer programming. _@0000148161 |
|
| 852 | 1 | _9p1511 KES | |
| 908 | _a090924 | ||
| 950 | _@1 | ||
| 999 |
_c3716 _d3716 |
||